000 00987nam a2200217Ia 4500
003 Ost
005 20260507074851.0
008 260507s9999||||xx |||||||||||||| ||und||
020 _a977438185
040 _cfsecg
041 _aara
082 _a657.45
100 _aسرايا، محمد السيد
_eمؤلف
245 0 _aأصول وقواعد المراجعة والتدقيق الشامل /
_c محمد السيد سرايا
260 _aالاسكندرية:
_bالمكتب الجامعي الحديث,
_c2007
300 _a604 صفحة؛
_bإيضاحات ؛
_c25 سم
520 _aيضم الإطار النظري للمراجعة المبادئ المفاهيم الأهداف الأنواع، قواعد المراجعة الشاملة المعايير المهنية للمراجعة، المراجعة الميدانية ومشاكل التطبيق العملي
653 _aالإدارة-تدقيق
653 _aمراجعة الحسابات
942 _cكتاب
999 _c41572
_d41572